[Event "TUR-chT Clubs"]
[Site "Konya"]
[Date "2019.07.16"]
[Round "1.8"]
[White "Ekmekcioglu, Gokdeniz"]
[Black "Yilmaz, Yigithan Furkan"]
[Result "1-0"]
[WhiteElo "1246"]
[BlackElo "1359"]
[PlyCount "129"]
[EventDate "2019.07.16"]
[EventType "team-swiss"]
[EventRounds "9"]
[EventCountry "TUR"]
[SourceTitle "CBM 191 Extra"]
[Source "ChessBase"]
[SourceDate "2019.09.30"]
[SourceVersion "1"]
[SourceVersionDate "2019.09.30"]
[SourceQuality "1"]
[WhiteTeam "Ermenek Turkuaz Yelken"]
[BlackTeam "Canakkale Doruk"]
[WhiteTeamCountry "TUR"]
[BlackTeamCountry "TUR"]

1. e4 e6 2. d4 d5 3. Nd2 Nf6 4. e5 Nfd7 5. Bd3 c5 6. c3 Nc6 7. Ne2 Be7 8. Nf3 h6 9. 0-0 0-0 10. Bc2 cxd4 11. cxd4 Nb4 12. Bb1 Re8 13. a3 Nc6 14. Qd3 Nf8 15. Ng3 f6 16. exf6 Bxf6 17. Nh5 Qe7 18. Nxf6+ Qxf6 19. Re1 Bd7 20. Ne5 Rac8 21. Nxd7 Nxd7 22. Be3 Nb6 23. Ba2 Rcd8 24. Rad1 Qf5 25. Qxf5 exf5 26. Bb1 g6 27. Bxh6 Nxd4 28. Rxe8+ Rxe8 29. Be3 Nc6 30. Bxb6 axb6 31. Kf1 Kg7 32. Rxd5 Re7 33. Rb5 Na5 34. Ba2 Rc7 35. Rxb6 Rc1+ 36. Ke2 Rc2+ 37. Kf3 g5 38. h3 Rc5 39. a4 Nc6 40. Rxb7+ Kf6 41. g3 g4+ 42. hxg4 Ne5+ 43. Kg2 Nxg4 44. Rb6+ Ke7 45. Re6+ Kd7 46. Re2 Ne5 47. b4 Rc4 48. Bxc4 Nxc4 49. Rc2 Nb6 50. a5 Nd5 51. Rd2 Kc6 52. Rxd5 Kxd5 53. a6 Kc6 54. b5+ Kb6 55. Kf3 f4 56. g4 Kc7 57. g5 Kc8 58. g6 Kb8 59. g7 Ka7 60. g8Q Kb6 61. Qb8+ Ka5 62. a7 Ka4 63. a8Q+ Kb4 64. Qxf4+ Kc5 65. Qc6# 1-0